MARC

LEADER 00000nam0a2200000 4500
001 106260
005 20231101214648.0
010 |a 5301002368 
035 |a (RuTPU)RU\TPU\book\114662 
090 |a 106260 
100 |a 20061204d1988 cd y0rusy50 ca 
101 0 |a rus 
102 |a UA 
105 |a a z 000ay 
200 1 |a Рассказы и сказки  |f В. В. Бианки 
210 |a Киев  |c Вэсэлка  |d 1988 
215 |a 304 с.  |c ил. 
225 1 |a Школьная библиотека 
610 1 |a русская литература 
610 1 |a рассказы 
610 1 |a сказки 
610 1 |a животные 
610 1 |a растения 
610 1 |a природа 
675 |a Р2  |v 3 
700 1 |a Бианки  |b В. В.  |c русский писатель  |f 1894-1959  |g Виталий Валентинович  |2 stltpush  |3 (RuTPU)RU\TPU\pers\37304  |9 20237 
801 1 |a RU  |b 63413507  |c 20061204  |g PSBO 
801 2 |a RU  |b 63413507  |c 20221206  |g PSBO 
942 |c BK